Central Library OPAC University of Rajshahi

Special functions ; (Record no. 7068)

MARC details
000 -LEADER
fixed length control field 00828cam a2200265 4500
001 - CONTROL NUMBER
control field 7068
003 - CONTROL NUMBER IDENTIFIER
rucl marc code BD-RjUL
005 - DATE AND TIME OF LATEST TRANSACTION
control field 20211208234348.0
008 - FIXED-LENGTH DATA ELEMENTS--GENERAL INFORMATION
fixed length control field 140113s1968 nyu b 001 0 eng
035 ## - SYSTEM CONTROL NUMBER
System control number (BD-RjUL)7110
040 ## - CATALOGING SOURCE
Original cataloging agency DLC
Transcribing agency DLC
Modifying agency DLC
-- BD-RjUL
Language of cataloging eng
041 ## - LANGUAGE CODE
Language code of text/sound track or separate title eng
082 00 - DEWEY DECIMAL CLASSIFICATION NUMBER
Classification number 517.35
Author mark and year TAS 1968
100 1# - MAIN ENTRY--PERSONAL NAME
Personal name Talman, James D.,
Dates associated with a name 1931-
9 (RLIN) 22141
245 00 - TITLE STATEMENT
Title Special functions ;
Remainder of title a group theoretic approach /
Statement of responsibility, etc. James D. Talman. With an introd. by Eugene P. Wigner.
260 ## - PUBLICATION, DISTRIBUTION, ETC. (IMPRINT)
Place of publication, distribution, etc. New York :
Name of publisher, distributor, etc. W. A. Benjamin,
Date of publication, distribution, etc. c1968.
300 ## - PHYSICAL DESCRIPTION
Pagination xii, 260 p. ;
Size 23 cm.
490 0# - SERIES STATEMENT
Series statement The Mathematical physics monograph series
504 ## - BIBLIOGRAPHY, ETC. NOTE
Bibliography, etc Bibliography: p. 251-253. and index.
650 #0 - SUBJECT ADDED ENTRY--TOPICAL TERM
Topical term or geographic name as entry element Functions, Special.
9 (RLIN) 22142
Topical term or geographic name as entry element Group theory.
9 (RLIN) 20343
942 ## - ADDED ENTRY ELEMENTS (KOHA)
Source of classification or shelving scheme Dewey Decimal Classification
Koha item type Books
Holdings
Lost status Source of classification or shelving scheme Damaged status Not for loan Collection code Permanent Location Current Location Shelving location Date acquired Source of acquisition Cost, normal purchase price Total Checkouts Full call number Date last seen Copy number Koha item type
  Dewey Decimal Classification   Not For Loan Non-fiction Central Library, University of Rajshahi Central Library, University of Rajshahi   01/11/1969 Zuit 0.95   517.35 TAS 1968 13/01/2014 C-1 Books